UBT Library

Scientific Encyclopedia (Record no. 51818)

000 -LEADER
fixed length control field 00267nam a22001217a 4500
008 - FIXED-LENGTH DATA ELEMENTS--GENERAL INFORMATION
fixed length control field 181105b xxu||||| |||| 00| 0 eng d
041 ## - LANGUAGE CODE
Language code of text/sound track or separate title eng
080 ## - UNIVERSAL DECIMAL CLASSIFICATION NUMBER
Edition identifier 6 th
Universal Decimal Classification number 030
100 ## - Rafti
Rafti 24
101 ## - Shkurtesa
Shkurtesa enc
245 ## - TITLE STATEMENT
Title Scientific Encyclopedia
Statement of responsibility, etc Van.C
942 ## - ADDED ENTRY ELEMENTS (KOHA)
Source of classification or shelving scheme
Item type Books
Holdings
Withdrawn status Lost status Source of classification or shelving scheme Damaged status Not for loan Collection code Permanent location Current location Shelving location Date acquired Total Checkouts Full call number Barcode Date last seen Price effective from Koha item type
          Koleksioni i përgjithshem UBT - Lipjan UBT - Lipjan Koleksioni i përgjithshem 11/05/2018   030 VAN 002-3018614 11/05/2018 11/05/2018 Books
UBT Library © 2015-2024. All rights reserved University Education for Business and Technology